000 00938nam a2200229Ia 4500
003 IN-BaIIA
008 211028s9999 xx 000 0 eng d
040 _cIIA Library
080 _a063:53
_bENF-39.1
111 _aConference of International School of Physics "Enrico Fermi"
_cItaly
_d1966 July 11-30
_95568
245 0 _aPlasma astrophysics
_bproceedings of the International School of Physics "Enrico Fermi" Uarenna on Lake Como Villa Monastero 11th - 30th July 1966
_cedited by Sturrock P. A.
260 _aNew York
_bAcademic Press
_c1967
300 _axvi, 364p.
490 _aInternational School of Physics "Enrico Fermi" Course v. 39
650 _aAstronomy and Astrophysics Thesaurus
650 _aAstrophysics
_9794
650 _aPlasma Astrophysics
_93786
650 _aPlasmas
_91898
700 _aSturrock, P. A., ed.
_95569
710 _aItalian Physical Society
942 _cBK
999 _c3137
_d3137